000 00762nam a2200241Ia 4500
003 GCL
008 140319s9999 xx 000 0 ara d
040 _aGCL /
_cGCL
082 0 4 _a415.1
_bج ع
100 1 _aخالد الازهرى الجرجاوى
245 1 0 _aالعوامل المائة النحوية فى اصول علم العربية /
_cخالد الازهرى الجرجاوى
700 1 _aالبدراوى زهران (تحقيق وتقديم)
260 _a[S.N] :
_bدار المعارف ،
_c1988
300 _a367 ص
490 _a
650 0 4 _aالنحو
650 0 4 _aاللغة العربية
650 0 4 _aالنحت
650 0 4 _aالافعال
650 0 4 _aالمفعول
650 0 4 _aحروف الجر
942 _2ddc
_cBK
999 _c27831
_d27831